Revista da Sociedade Brasileira de Economia Politica /
El documento consiste en el número 14 de la Revista da Sociedade Brasileira de Economia Politica, de la Sociedade Brasileira de Economia Política, publicada en el 2004. En este número se abordan temas de economía, como la macroeconomía, capitalismo, comunismo y demás temas que se relaciona con la ec...
Bewaard in:
| Coauteur: | |
|---|---|
| Formaat: | Boek |
| Taal: | Portuguese |
| Gepubliceerd in: |
Río de Janeiro, Brasil:
SEP,
2004
|
| Onderwerpen: | |
| Tags: |
Voeg label toe
Geen labels, Wees de eerste die dit record labelt!
|
MARC
| LEADER | 00000nam a22000007a 4500 | ||
|---|---|---|---|
| 003 | cru CIDCACS/IIS | ||
| 005 | 20230523092541.0 | ||
| 007 | ta | ||
| 008 | 191212t2004 bl |||||r||||||0| ||por|d | ||
| 022 | |a 14151979 | ||
| 040 | |d cru CIDCACS/IIS | ||
| 090 | |a 03.01.01 S678r | ||
| 110 | |9 11349 |a Sociedade Brasileira de Economia Política | ||
| 245 | |a Revista da Sociedade Brasileira de Economia Politica / |c Sociedade Brasileira de Economia Política | ||
| 260 | |a Río de Janeiro, Brasil: |b SEP, |c 2004 | ||
| 300 | |a 158 páginas: |b gráficos | ||
| 500 | |a Revista N° 14 | ||
| 520 | 3 | |a El documento consiste en el número 14 de la Revista da Sociedade Brasileira de Economia Politica, de la Sociedade Brasileira de Economia Política, publicada en el 2004. En este número se abordan temas de economía, como la macroeconomía, capitalismo, comunismo y demás temas que se relaciona con la economía. | |
| 650 | 0 | 0 | |9 143 |a ECONOMIA |
| 650 | 0 | 0 | |9 373 |a COMUNISMO |
| 650 | 0 | 4 | |9 2666 |a MACROECONOMIA |
| 650 | 0 | 0 | |9 64 |a CAPITALISMO |
| 942 | |2 ddc |c LI |h 03.01.01 S678r |i 14294 |6 030101_S678R_14294 | ||
| 999 | |c 42762 |d 42762 | ||
